Bortezomib - prelom v liečbe mnohopočetného myelómu

Bibliographic Details
Format: Article
Language:Slovak
PhysicalDescription:Fotogr., tab.
ISSN:1335-4477
Subjects:

MARC

LEADER 00000nab a2200000 a 4500
001 vtls001357385
003 SK-MaSNL
005 20260304235346.0
008 140303c2004 xo wrzp 0 0slo
015 |a SNBRB2004/12  |2 snkbucl 
040 |a SNKNBUCL  |b slo  |c SNKBUCL  |e AACR2 
041 0 |a slo 
044 |a xo  |c SK 
080 |a 615.277  |2 1997 
080 |a 616.419-006.4-085  |2 1997 
245 0 0 |a Bortezomib - prelom v liečbe mnohopočetného myelómu 
300 |b Fotogr., tab. 
650 0 7 |a bortezomid  |2 snkbucl  |9 1572759 
650 0 7 |a Velcade (liek)  |2 snkbucl  |9 90919 
650 0 7 |a inhibítor proteazómu  |2 snkbucl  |9 1572760 
650 0 7 |a mnohopočetný myelóm  |2 snkbucl  |9 182876 
773 0 |t Zdravotnícke noviny  |g Roč. IX, č. 32 (2004)  |x 1335-4477 
773 0 8 |t Lekárske listy  |g Č. 32 (2004), s. 30 
852 |a SNK  |b KIS3GCP 
958 |a MI 
999 |c 3208652  |d 3210582